| 000 | 00396nam a2200145 a 4500 | ||
|---|---|---|---|
| 001 | 4319 | ||
| 003 | CDMR | ||
| 005 | 20130920101906.0 | ||
| 008 | 130130s1989||||||||||||||||||||||||||||d | ||
| 040 |
_aCDMR _bcat _cCDMR |
||
| 245 | 0 |
_aDiccionario manual e ilustrado de la lengua espaƱola _cReal Academia EspaƱola |
|
| 260 |
_aMadrid _c1989 _bEspasa Calpe |
||
| 300 |
_a1666 p ; _c25 cm |
||
| 942 |
_cMON _2udc |
||
| 999 |
_c4319 _d4319 |
||